Famous 2000s Singers by the Picture - Statistics

General Stats
  • This quiz has been taken 44 times
  • The average score is 9 of 13
Answer Stats
Picture Answer % Correct
Britney Spears
100%
Rihanna
97%
Beyonce
92%
Mariah Carey
90%
P!nk
90%
Avril Lavigne
87%
Christina Aguilera
85%
Lady Gaga
82%
Kelly Clarkson
67%
Shakira
56%
Alicia Keys
54%
Nelly Furtado
28%
Fergie
3%
No matching quizzes found
Score Distribution
Percent of People with Each Score
Percentile by Number Answered
Your Score History
You have not taken this quiz